000 00268nam a2200109Ia 4500
008 200302s9999 xx 000 0 und d
100 _aRanne Otmar (Edi)
245 _aMurphy/Jahn - Six Works
260 _bImages Publishing, Austraila
260 _c2001
300 _a256 P
999 _c4777
_d4777